000 00997nam a22002535i 4500
001 176566
003 ES-MaACL
005 20260211123818.0
008 110124q1954 sp 000 d spa d
080 _a821.134.2-22"19"
100 1 _aFernández del Villar, José.
_949736
245 1 3 _aLa negra :
_bcomedia en tres actos, en prosa /
_coriginal de José Fernández del Villar.
260 _aMadrid :
_b[s. n.,
_c1954?] (
_fArba, imp.)
300 _a72 p. ;
_c17 cm.
490 1 _aBiblioteca teatral ;
_v149
530 _aDisponible en formato digital.
594 _aEn port. : Estrenada en el Teatro Eslava la noche del 12 de septiembre de 1924.
599 _aAntep. ilustrada
830 1 _aBiblioteca teatral ;
_v149
_9190120
852 4 _aES-MaACL
_jE-14125 (149)
_x Encuadernado con otros títulos.
_cDEPO2
_dOlim P-302
856 4 _uhttp://bdh-rd.bne.es/viewer.vm?id=0000261293&page=1
_yBiblioteca Digital Hispánica
942 _2udc
999 _c176566
_d176566